Market Your Way To Growth (Record no. 332095)

MARC details
000 -LEADER
fixed length control field 00477nam a2200169Ia 4500
008 - FIXED-LENGTH DATA ELEMENTS--GENERAL INFORMATION
fixed length control field 230718s9999 xx 000 0 und d
020 ## - INTERNATIONAL STANDARD BOOK NUMBER
International Standard Book Number 9788126540365
041 ## - LANGUAGE CODE
Language code of text/sound track or separate title eng
082 ## - DEWEY DECIMAL CLASSIFICATION NUMBER
Classification number 658.83
Item number KOT
100 ## - MAIN ENTRY--PERSONAL NAME
Personal name Kotler P.
9 (RLIN) 110892
245 ## - TITLE STATEMENT
Title Market Your Way To Growth
Remainder of title 8 Ways To Win
260 ## - PUBLICATION, DISTRIBUTION, ETC. (IMPRINT)
Date of publication, distribution, etc. 2013
Name of publisher, distributor, etc. Times Group Books
300 ## - PHYSICAL DESCRIPTION
Extent 212
365 ## - TRADE PRICE
Currency code Rs.
Price amount 550.00
700 ## - ADDED ENTRY--PERSONAL NAME
Personal name Kotler P. & Kotler M.
9 (RLIN) 194393
906 ## - LOCAL DATA ELEMENT F, LDF (RLIN)
d O:0330612-Mar-2013B:253505-Feb-2013
c GENRL
b 121
Holdings
Withdrawn status Lost status Damaged status Not for loan Home library Current library Date acquired Vendor Budget Code Cost, normal purchase price Bill number Total Checkouts Full call number Barcode Date last seen Discount Cost, replacement price Bill Date Koha item type Original Barcode
        Cummins College of Engineering for Women Pune Cummins College of Engineering for Women Pune 12/03/2013 Technical Book Services GENRL 429.00 2535   658.83 CCEP-BK-43302 18/07/2023 121 550.00 05/02/2013 Books 043302